[Event "32nd TCh-IND 2012"]
[Site "Panaji IND"]
[Date "2012.03.02"]
[Round "7"]
[White "Sasikiran,K"]
[Black "Maheswaran,P"]
[Result "1-0"]
[WhiteElo "2700"]
[BlackElo "2292"]

1.d4 Nf6 2.c4 e6 3.Nc3 d5 4.cxd5 exd5 5.Bg5 Nbd7 6.e3 Be7 7.Bd3 c6 8.Qc2 O-O
9.Nge2 Re8 10.O-O Nf8 11.f3 g6 12.Rad1 Ne6 13.Bh4 Nh5 14.Bxe7 Qxe7 15.Qd2 Qg5
16.e4 Qxd2 17.Rxd2 Nhf4 18.exd5 Nxd5 19.Nxd5 cxd5 20.Nc3 Nc7 21.Rc1 Bd7 22.Kf2 a5
23.a3 Kf8 24.Bc2 Ke7 25.Na4 Kd6 26.Nc5 Bc6 27.Ba4 Ne6 28.Bb3 Rac8 29.h4 h6
30.Rc3 b6 31.Nxe6 Rxe6 32.g4 Re7 33.Rdc2 Rec7 34.g5 hxg5 35.hxg5 Bb7 36.Rxc7 Rxc7
37.Rxc7 Kxc7 38.f4 Kd6 39.f5 gxf5 40.Ke3 f4+ 41.Kxf4 Bc8 42.Bd1 Bh3 43.Bg4 Bf1
44.Kf5 Bd3+ 45.Kf6 Bg6 46.Bd1 b5 47.b4 axb4 48.axb4 Kd7 49.Be2 Kc6 50.Ke7 Kb6
51.Kd6 Be4 52.Bh5  1-0

[Event "32nd TCh-IND 2012"]
[Site "Panaji IND"]
[Date "2012.03.03"]
[Round "8"]
[White "Akshat,Kh"]
[Black "Sasikiran,K"]
[Result "1/2-1/2"]
[WhiteElo "2414"]
[BlackElo "2700"]

1.d4 Nf6 2.c4 g6 3.Nf3 Bg7 4.g3 O-O 5.Bg2 d6 6.O-O Nbd7 7.Nc3 e5 8.h3 c6
9.e4 Qb6 10.d5 cxd5 11.cxd5 Nc5 12.Re1 Bd7 13.Bf1 a5 14.Nd2 a4 15.Nc4 Qc7
16.Na3 h5 17.Bg5 Nh7 18.Be3 h4 19.Rc1 hxg3 20.fxg3 b6 21.Nab5 Qb8 22.b4 axb3
23.axb3 f5 24.b4 Nxe4 25.Nxe4 fxe4 26.Nc3 Nf6 27.Bg2 Qe8 28.Qb3 b5 29.Kh2 Bf5
30.Bg5 Kh7 31.g4 Bd7 32.Rf1 Rc8 33.Nxe4 Nxe4 34.Rxc8 Qxc8 35.Rxf8 Qxf8 36.Bxe4 Qf2+
37.Bg2 Bh6 38.Bxh6 Kxh6 39.Qg3 Qf6 40.Qf3 Qf4+ 41.Qxf4+ exf4 42.Bf1 Kg5 43.Kg2 Kf6
44.Kf3 g5 45.h4 Be8 46.h5 Kg7 47.Ke4 Bd7 48.Be2 Kf6 49.Kd4 Kg7 50.Ke4 Kf6
51.Kf3 Kg7 52.Bd3 Kh6 53.Bg6 Kg7 54.Bf5 Bxf5 55.gxf5 Kg8 56.Kg4 Kg7 57.Kf3 Kg8
58.Kg4  1/2-1/2

[Event "32nd TCh-IND 2012"]
[Site "Panaji IND"]
[Date "2012.03.04"]
[Round "9"]
[White "Sasikiran,K"]
[Black "Kulkarni,C"]
[Result "1-0"]
[WhiteElo "2700"]
[BlackElo "2290"]

1.d4 d6 2.Nf3 Bg4 3.c4 Nd7 4.g3 Ngf6 5.Bg2 c6 6.Nc3 g6 7.h3 Bxf3 8.Bxf3 Bg7
9.O-O O-O 10.e3 Re8 11.Bg2 e5 12.d5 cxd5 13.Nxd5 e4 14.Rb1 Nc5 15.Nc3 a5
16.b3 Qe7 17.Ba3 Rad8 18.Qc2 b6 19.Rbd1 Qe5 20.Rd2 Nfd7 21.Nb5 Nf6 22.Bb2 Qe7
23.Bd4 Nh5 24.Rfd1 f5 25.Bxg7 Nxg7 26.Nxd6 Rf8 27.a3 Nd3 28.Rxd3 exd3 29.Qxd3 h6
30.Qd4 Qc7 31.Bd5+ Kh7 32.Nb5 Qc5 33.Qc3 Qe7 34.b4 Nh5 35.bxa5 bxa5 36.Nd4 Rd7
37.Nc6 Qg7 38.Qxg7+ Kxg7 39.Nd4 Rb8 40.Bc6 Re7 41.Bf3 Rf7 42.c5 Nf6 43.Ne6+ Kh7
44.c6 Rc8 45.Nc5 Kg7 46.Rb1 Ne8 47.Bd5 Re7 48.Rb7 Kf6 49.Nd7+ Kg7 50.Nb6 Rcc7
51.Na8  1-0

[Event "IND-ISR Match 2012"]
[Site "New Delhi IND"]
[Date "2012.04.03"]
[Round "1.1"]
[White "Stepak,Y"]
[Black "Sasikiran,K"]
[Result "0-1"]
[WhiteElo "2262"]
[BlackElo "2703"]

1.d4 Nf6 2.c4 g6 3.Nc3 d5 4.Nf3 Bg7 5.Bf4 O-O 6.e3 c5 7.dxc5 Qa5 8.Rc1 dxc4
9.Bxc4 Qxc5 10.Bb3 Qa5 11.O-O Nc6 12.Qe2 Bg4 13.h3 Bxf3 14.Qxf3 e6 15.Rfd1 Rad8
16.Rxd8 Rxd8 17.Rd1 h5 18.Rxd8+ Nxd8 19.Qd1 Nc6 20.a3 a6 21.Qc2 Ne7 22.e4 Nc6
23.Be3 Nd7 24.Bd2 Nd4 25.Qd1 Qb6 26.Bc4 Qxb2 27.Nb1 Nc5 28.Bc3 Qc2 29.Qxc2 Nxc2
30.Bxg7 Kxg7 31.f3 b5 32.Bf1 h4 33.Kf2 Kf6 34.Ke2 Ke5 35.Kd2 Nd4 36.Kc3 Nc6
37.Kd2 Kf4 38.Nc3 Nd4 39.Nd1 e5 40.Bc4 bxc4  0-1

[Event "IND-ISR Match 2012"]
[Site "New Delhi IND"]
[Date "2012.04.04"]
[Round "5.1"]
[White "Golod,V"]
[Black "Sasikiran,K"]
[Result "0-1"]
[WhiteElo "2561"]
[BlackElo "2703"]

1.d4 Nf6 2.c4 g6 3.Nc3 d5 4.Nf3 Bg7 5.Bf4 O-O 6.Rc1 dxc4 7.e4 c5 8.dxc5 Qa5
9.Qa4 Qxa4 10.Nxa4 Nxe4 11.Rxc4 Nf6 12.Rc1 Nc6 13.Bc4 Bd7 14.Nc3 Rac8 15.O-O Na5
16.Be2 Rxc5 17.Be3 Rcc8 18.Bxa7 Be6 19.b3 Nc6 20.Be3 Ng4 21.Bd2 Rfd8 22.h3 Nge5
23.Be3 Nb4 24.Nxe5 Bxe5 25.Bb6 Rd2 26.Be3 Rb2 27.Bc4 Bxc4 28.Na4 Be6 29.Nxb2 Bxb2
30.Rxc8+ Bxc8 31.Rd1 Be6 32.Rd8+ Kg7 33.Rb8 Bd5 34.Bd2 Nxa2 35.Rc8 Bxb3 36.Rc7 b5
37.Rxe7 Bc3 38.Bxc3+ Nxc3 39.Rb7 Bc4 40.f3 Nd5 41.Kf2 h5 42.h4 Nf4 43.g3 Nd5
44.g4 Nf6 45.Kg3 hxg4 46.fxg4 Be2 47.g5 Nd5 48.Kf2 Bc4 49.Kg3 b4 50.Kf2 b3
51.Ke1 Ne3 52.Kd2 Nf5 53.Kc3 Be6 54.Rb4 Kf8 55.Rb8+ Ke7 56.Rh8 Kd6 57.h5 gxh5
58.Rxh5 Ng3 59.Rh4 Ke5 60.Kb2 Kf5 61.Rh8 Kxg5 62.Rg8+ Kf4 63.Re8 Ne4  0-1

[Event "IND-ISR Match 2012"]
[Site "New Delhi IND"]
[Date "2012.04.04"]
[Round "6.1"]
[White "Sasikiran,K"]
[Black "Golod,V"]
[Result "1/2-1/2"]
[WhiteElo "2703"]
[BlackElo "2561"]

1.d4 d5 2.c4 dxc4 3.e3 e5 4.Bxc4 exd4 5.exd4 Nf6 6.Nf3 Bd6 7.O-O O-O 8.h3 Nc6
9.Nc3 h6 10.Re1 Bf5 11.d5 Ne7 12.Be3 Bh7 13.Nd4 a6 14.a3 Re8 15.Qd2 Qd7 16.Rad1 Nf5
17.Nxf5 Qxf5 18.Bf1 Re7 19.b4 Rae8 20.b5 axb5 21.Nxb5 Be5 22.d6 Ne4 23.dxe7 Nxd2
24.Rxd2 Bg6 25.Rd8 f6 26.Bd4 Qe6 27.Bxe5 fxe5 28.Nxc7 Qxe7 29.Rxe8+ Bxe8
30.Nxe8 Qxe8 31.Rb1 Qc6 32.g3 b6 33.h4 g6 34.Rb5 e4 35.Rb3 Kg7 36.Re3 Qc1  1/2-1/2

[Event "IND-ISR Match 2012"]
[Site "New Delhi IND"]
[Date "2012.04.04"]
[Round "7.1"]
[White "Golod,V"]
[Black "Sasikiran,K"]
[Result "0-1"]
[WhiteElo "2561"]
[BlackElo "2703"]

1.Nf3 Nf6 2.b3 d5 3.Bb2 c6 4.e3 Bg4 5.h3 Bh5 6.Be2 Nbd7 7.O-O e6 8.c4 Bd6
9.d3 O-O 10.Nbd2 e5 11.cxd5 cxd5 12.e4 Re8 13.Re1 Bg6 14.Nh4 Nc5 15.Nxg6 hxg6
16.exd5 Nxd5 17.d4 exd4 18.Bxd4 Ne6 19.Bb2 Bb4 20.a3 Ne3 21.fxe3 Bxd2 22.Rf1 Bxe3+
23.Kh1 Bd4 24.Bxd4 Nxd4 25.Bc4 Nf5 26.Qf3 Qc7 27.Rf2 Re3 28.Qf4 Qxf4 29.Rxf4 Nd6
30.Bd5 Rd3 31.Bc4 Nxc4 32.bxc4 Re8 33.c5 Rc3 34.Rb4 Re7 35.Rab1 Rxc5 36.Rxb7 Rxb7
37.Rxb7 Ra5 38.Rb3 g5 39.g3 Kh7 40.Kg2 Kg6 41.Kf3 f5 42.Rc3 Kh6 43.Rc6+ g6
44.Rc3 Ra4 45.Rb3 g4+ 46.hxg4 Rxg4 47.Rc3 Ra4 48.Rb3 Kh5 49.Rc3 g5 50.Rb3 g4+
51.Kg2 Kg5 52.Rc3 Kf6 53.Re3 f4 54.gxf4 Rxf4 55.Kg3 Ra4 56.Kh4 Kf5 57.Kg3 Rd4
58.Rb3 Rd5 59.a4 a6 60.Rc3 Kg5 61.Re3 Rc5 62.Rd3 Kf5 63.Rb3 Rc4 64.Ra3 a5
65.Ra1 Rc3+ 66.Kg2 Kg5 67.Rb1 Kh4 68.Rh1+ Rh3 69.Ra1 Rg3+ 70.Kh2 Rc3  0-1

[Event "IND-ISR Match 2012"]
[Site "New Delhi IND"]
[Date "2012.04.04"]
[Round "8.1"]
[White "Sasikiran,K"]
[Black "Golod,V"]
[Result "1-0"]
[WhiteElo "2703"]
[BlackElo "2561"]

1.d4 Nf6 2.c4 e6 3.g3 d5 4.Bg2 Bb4+ 5.Bd2 Be7 6.Nf3 O-O 7.O-O c6 8.Qc2 Nbd7
9.Rd1 b6 10.Bf4 Bb7 11.b3 Nh5 12.Bc1 f5 13.Ba3 Rc8 14.Bxe7 Qxe7 15.Nc3 Nhf6
16.Qb2 Ne4 17.Rac1 c5 18.cxd5 Nxc3 19.Rxc3 Bxd5 20.dxc5 Nxc5 21.Ne5 Bxg2
22.Kxg2 Rfd8 23.Rdc1 Qd6 24.R3c2 a5 25.f3 Qd4 26.Qxd4 Rxd4 27.Nd3 Rd5 28.a3 Rb8
29.Nf4 Rd6 30.b4 axb4 31.axb4 Na6 32.Rc8+ Rxc8 33.Rxc8+ Kf7 34.Nd3 Rd4 35.b5 Nb4
36.Ne5+ Kf6 37.f4 Nd5 38.Rf8+ Ke7 39.Rf7+ Kd6 40.Rxg7 Re4 41.Kf2 Nc3 42.e3 Nd1+
43.Kg2 Nxe3+ 44.Kh3 Nc4 45.Nxc4+ Rxc4 46.Rxh7 Rb4 47.Kh4 Rxb5 48.g4 fxg4
49.Kxg4 Rb1 50.h4 b5 51.Rb7 Kc6 52.Rb8 Kc7 53.Re8 Kd6 54.h5 Rg1+ 55.Kh4 b4
56.Rb8 Kc5 57.h6 Kc4 58.Kh5 Rh1+ 59.Kg6 Rg1+ 60.Kf6 Rh1 61.Kg5 Rg1+ 62.Kh5 Rh1+
63.Kg5 Rg1+ 64.Kf6 Rh1 65.Kg7 Rg1+ 66.Kf7 Rh1 67.Rh8 Kb3 68.h7 Kb2 69.Kxe6 b3
70.f5 Kb1 71.Rb8 Re1+ 72.Kf6  1-0

[Event "IND-ISR Match 2012"]
[Site "New Delhi IND"]
[Date "2012.04.04"]
[Round "9.1"]
[White "Sasikiran,K"]
[Black "Baron,Ta"]
[Result "1-0"]
[WhiteElo "2703"]
[BlackElo "2497"]

1.d4 Nf6 2.c4 g6 3.Nf3 Bg7 4.g3 d5 5.cxd5 Nxd5 6.Bg2 Nb6 7.Nc3 Nc6 8.e3 O-O
9.O-O Re8 10.d5 Na5 11.Nd4 Bd7 12.Qc2 c5 13.Nb3 Nxb3 14.axb3 Qc8 15.Rd1 Bg4
16.f3 Bh3 17.e4 Bxg2 18.Kxg2 a6 19.Be3 Qc7 20.Rac1 Rac8 21.Qf2 Qd6 22.f4 e5
23.dxe6 Qxe6 24.Bxc5 Bxc3 25.Rxc3 Qxe4+ 26.Qf3 Qe2+ 27.Qxe2 Rxe2+ 28.Kf1 Rxb2
29.Bxb6 Rxc3 30.Rd8+ Kg7 31.Bd4+ Kh6 32.Bxc3 Rxb3 33.Bf6  1-0

[Event "IND-ISR Match 2012"]
[Site "New Delhi IND"]
[Date "2012.04.04"]
[Round "10.1"]
[White "Baron,Ta"]
[Black "Sasikiran,K"]
[Result "0-1"]
[WhiteElo "2497"]
[BlackElo "2703"]

1.e4 c6 2.d4 d5 3.Nc3 dxe4 4.Nxe4 Nd7 5.Ng5 Ngf6 6.Bd3 e6 7.N1f3 Bd6 8.Qe2 h6
9.Ne4 Nxe4 10.Qxe4 Qc7 11.Qg4 Kf8 12.O-O b6 13.b3 Bb7 14.Bb2 Nf6 15.Qh4 Nd5
16.Ne5 g5 17.Qg4 Nf4 18.Rfe1 Rg8 19.Be4 Rd8 20.Qf3 f5 21.Bxc6 Bxc6 22.Nxc6 g4
23.Qc3 Rc8 24.d5 Nxd5 25.Qd2 Bxh2+ 26.Kf1 Bf4 27.Qd4 Qxc6 28.c4 e5 29.Qxd5 Qxd5
30.cxd5 e4 31.Rad1 Ke7 32.Re2 Kd7 33.Rd4 Bd6 34.a3 Rc7 35.Rd1 g3 36.f3 exf3
37.gxf3 g2+  0-1

[Event "IND-ISR Match 2012"]
[Site "New Delhi IND"]
[Date "2012.04.04"]
[Round "11.1"]
[White "Sasikiran,K"]
[Black "Popilski,G"]
[Result "1-0"]
[WhiteElo "2703"]
[BlackElo "2389"]

1.d4 Nf6 2.c4 g6 3.Nf3 Bg7 4.g3 d5 5.cxd5 Nxd5 6.Bg2 Nb6 7.Nc3 Nc6 8.e3 O-O
9.O-O Re8 10.d5 Na5 11.Nd4 Bd7 12.Qc2 c5 13.Nb3 Nxb3 14.axb3 Qc8 15.Rd1 e6
16.Ne4 exd5 17.Nd6 Qc6 18.Nxe8 Bxe8 19.e4 d4 20.e5 Qc7 21.Rxd4 Bxe5 22.Rd1 a6
23.Be3 Rc8 24.Rac1 Bb5 25.Qxc5 Qxc5 26.Rxc5 Rxc5 27.Bxc5 Nd7 28.Bd4 Bxd4
29.Rxd4 Nc5 30.b4 Nd3 31.Bf1 Nxb2 32.Bxb5 axb5 33.Rd5 Nc4 34.Rxb5 b6 35.Rd5 Kf8
36.Rd4 Ne5 37.Rd6 b5 38.Rd5  1-0

[Event "IND-ISR Match 2012"]
[Site "New Delhi IND"]
[Date "2012.04.04"]
[Round "12.1"]
[White "Popilski,G"]
[Black "Sasikiran,K"]
[Result "0-1"]
[WhiteElo "2389"]
[BlackElo "2703"]

1.e4 c5 2.Nf3 d6 3.d4 cxd4 4.Nxd4 Nf6 5.Nc3 a6 6.f4 Qc7 7.Qf3 g6 8.h3 Nbd7
9.Be3 b5 10.O-O-O Bb7 11.a3 Bg7 12.g4 Nc5 13.Nd5 Nxd5 14.exd5 Rc8 15.Kb1 O-O
16.Bg2 Na4 17.Qf2 Qc4 18.Rd3 Bxd5 19.b3 Bxg2 20.bxc4 Bxh1 21.cxb5 axb5 22.Rb3 Be4
23.Qd2 Bxd4 24.Qxd4 Bxc2+ 25.Ka2 Bxb3+ 26.Kxb3 Rc3+ 27.Ka2 Rfc8 28.f5 Rc2+
29.Kb1 Nc3+  0-1

[Event "TCh-CZE Extraliga 2011-12"]
[Site "Czech Republic CZE"]
[Date "2012.04.20"]
[Round "9.4"]
[White "Sasikiran,K"]
[Black "Konopka,M"]
[Result "1-0"]
[WhiteElo "2689"]
[BlackElo "2436"]

1.d4 Nf6 2.c4 g6 3.g3 c6 4.Nf3 Bg7 5.Bg2 d5 6.Qa4 O-O 7.O-O Bf5 8.Nc3 Nbd7
9.cxd5 Nb6 10.Qb3 Nfxd5 11.Ng5 Nc7 12.Rd1 h6 13.Nf3 Ncd5 14.Nh4 Be6 15.Qc2 Qc8
16.e4 Nb4 17.Qb1 Rd8 18.a3 Na6 19.Nf3 Bg4 20.Qc2 c5 21.d5 c4 22.Be3 Nc5 23.h3 Bxf3
24.Bxf3 Nb3 25.Rab1 Qxh3 26.Nb5 Rdc8 27.e5 Qd7 28.Nxa7 Rxa7 29.Bxb6 Ra6 30.e6 Qa4
31.exf7+ Kxf7 32.Bg4 Rxb6 33.Bxc8 Bf6 34.Be6+ Kg7 35.d6 exd6 36.Bxc4 Nc5
37.Qe2 Qd7 38.b3 Be5 39.b4  1-0

[Event "TCh-CZE Extraliga 2011-12"]
[Site "Czech Republic CZE"]
[Date "2012.04.21"]
[Round "10.4"]
[White "Nedela,V"]
[Black "Sasikiran,K"]
[Result "0-1"]
[WhiteElo "2322"]
[BlackElo "2689"]

1.e4 c5 2.Nf3 d6 3.Bc4 Nf6 4.e5 dxe5 5.Nxe5 e6 6.Qe2 Bd6 7.b3 a6 8.a4 Qc7
9.Bb2 O-O 10.Na3 Nbd7 11.f4 Nd5 12.g3 b6 13.Bd3 Bxe5 14.fxe5 Bb7 15.O-O Ne7
16.Rae1 Qc6 17.Be4 Qxe4 18.Qxe4 Bxe4 19.Rxe4 Nd5 20.Rd1 Rfc8 21.Nc4 Rc6 22.Ra1 h6
23.d3 Rb8 24.Ne3 Nf8 25.Kf2 Ng6 26.h4 h5 27.Ng2 b5 28.axb5 axb5 29.Bc1 c4
30.bxc4 bxc4 31.d4 Rcb6 32.Re1 Nge7 33.Ba3 Nf5 34.Bc5 Rb2 35.Rec1 Nc3 36.Kf3 Na2
37.Ba3 c3 38.Rd1 Rxc2 39.Nf4 Rb3 40.Bc5 Rcb2  0-1

[Event "Chigorin Memorial 2012"]
[Site "St Petersburg RUS"]
[Date "2012.10.27"]
[Round "1.7"]
[White "Sasikiran,K"]
[Black "Afanasiev,Nikita"]
[Result "1-0"]
[WhiteElo "2680"]
[BlackElo "2224"]

1.d4 Nf6 2.Nf3 g6 3.Bg5 Bg7 4.Nbd2 O-O 5.c3 d6 6.e4 Nbd7 7.Bd3 e5 8.O-O Re8
9.Re1 c6 10.a4 Qc7 11.Qc2 Nf8 12.h3 Ne6 13.Be3 Bd7 14.a5 Nh5 15.dxe5 dxe5
16.Red1 Bf8 17.b4 Nhf4 18.Bf1 c5 19.b5 f6 20.Qb3 Kg7 21.Nc4 Red8 22.b6 Qc6
23.Nfxe5 fxe5 24.Nxe5 Qxe4 25.Nxd7 Ng5 26.Qc4 Nfxh3+ 27.gxh3  1-0

[Event "Chigorin Memorial"]
[Site "St Petersburg RUS"]
[Date "2012.10.29"]
[Round "3.31"]
[White "Sasikiran,K"]
[Black "Cori T.,D"]
[Result "1-0"]
[WhiteElo "2680"]
[BlackElo "2411"]

1.d4 Nf6 2.c4 e6 3.Nc3 Bb4 4.Qc2 O-O 5.Nf3 b6 6.e4 Bb7 7.Bd3 h6 8.O-O d6
9.Ne2 c5 10.d5 b5 11.dxe6 fxe6 12.Nf4 Re8 13.e5 dxe5 14.Nxe5 Qd6 15.Nfg6 Nc6
16.Nxc6 Qxc6 17.f3 bxc4 18.Bxc4 Ba6 19.Rd1 Nd5 20.Ne5 Qc7 21.Qe4 Nf6 22.Qe2 Bxc4
23.Nxc4 e5 24.Be3 e4 25.Bf2 exf3 26.Qxf3 Ne4 27.Bh4 Re6 28.a3 Ba5 29.Qf5 Rae8
30.Rd8 Qxd8 31.Bxd8 Bxd8 32.Re1  1-0

[Event "Chigorin Memorial"]
[Site "St Petersburg RUS"]
[Date "2012.10.30"]
[Round "4.11"]
[White "Baryshpolets,A"]
[Black "Sasikiran,K"]
[Result "0-1"]
[WhiteElo "2510"]
[BlackElo "2680"]

1.d4 Nf6 2.c4 e6 3.g3 Bb4+ 4.Bd2 Be7 5.Bg2 d5 6.Nf3 O-O 7.O-O c6 8.Bf4 dxc4
9.Ne5 Nd5 10.Nxc4 Nxf4 11.gxf4 Nd7 12.Nc3 Nb6 13.Ne5 f6 14.Nf3 a5 15.e3 a4
16.a3 Kh8 17.Rc1 Ra5 18.Ne4 Rb5 19.Qc2 Qe8 20.Kh1 Rh5 21.Ng3 Rh6 22.Nd2 Bd6
23.Nde4 Bc7 24.Nc5 e5 25.dxe5 fxe5 26.f5 Qe7 27.e4 g6 28.h3 Rh4 29.Qd3 Bd6
30.Qe3 gxf5 31.Nxf5 Bxf5 32.exf5 Nc4 33.Qe2 Bxc5 34.Rxc4 Rxf5 35.Rxh4 Qxh4
36.Qc2 e4 37.Qxe4 Qf4 38.Qxf4 Rxf4 39.f3 Rd4 40.Rc1 Bd6 41.Bf1 Rd2 42.Rb1 Rf2
43.Bg2 Re2 44.Bf1 Rf2 45.Bg2 Rc2 46.Bf1 b5 47.Bd3 Rh2+ 48.Kg1 Rxh3 49.Be4 Rh6
50.Kg2 Be5 51.b3 b4 52.f4 Bc3 53.bxa4 bxa3 54.Rb8+ Kg7 55.Bb1 Rg6+ 56.Kh2 Bd4
57.Rb3 Rh6+ 58.Kg2 Bc5 59.Rg3+ Kf8 60.Ba2 Rd6 61.Rg8+ Ke7 62.Kf3 Rd3+ 63.Ke2 Re3+
64.Kd1 Rf3 65.a5 Rf2 66.a6 Rxa2 67.a7 Bxa7 68.Rg7+ Kf6 69.Rxa7 h5 70.Kc1 h4
71.Rh7 Rh2 72.Kb1 h3 73.Rh6+ Kg7 74.Rh5 Rb2+ 75.Ka1 h2 76.f5 Rg2  0-1

[Event "Chigorin Memorial"]
[Site "St Petersburg RUS"]
[Date "2012.10.31"]
[Round "5.5"]
[White "Sasikiran,K"]
[Black "Grigoryan,Av"]
[Result "1/2-1/2"]
[WhiteElo "2680"]
[BlackElo "2572"]

1.d4 Nf6 2.c4 g6 3.Nc3 Bg7 4.g3 c5 5.d5 O-O 6.Bg2 d6 7.Nf3 e6 8.O-O exd5
9.cxd5 Nbd7 10.Bf4 Qe7 11.Re1 Ng4 12.Bg5 f6 13.Bd2 a6 14.a4 Rb8 15.Qc2 Nge5
16.a5 f5 17.Nxe5 Nxe5 18.Na4 Bd7 19.Nb6 Bb5 20.Ra3 Rbe8 21.Qc1 Nd7 22.Re3 Qd8
23.Rxe8 Rxe8 24.Nxd7 Qxd7 25.Bf3 Be5 26.h4 Qg7 27.Bc3 Qf6 28.Kg2 Kg7 29.Qd2 h6
30.e3 g5 31.hxg5 hxg5 32.Be2 Bxe2 33.Qxe2 Rh8 34.Qd3 Bxc3 35.bxc3 g4 36.Kf1 Qe5
37.Kg2 Kf6 38.c4 Qe4+ 39.Qxe4 fxe4 40.Rb1 Rh7 41.Rb6  1/2-1/2

[Event "Chigorin Memorial"]
[Site "St Petersburg RUS"]
[Date "2012.11.01"]
[Round "6.7"]
[White "Jumabayev,R"]
[Black "Sasikiran,K"]
[Result "1-0"]
[WhiteElo "2545"]
[BlackElo "2680"]

1.d4 Nf6 2.c4 e6 3.Nf3 d5 4.g3 Bb4+ 5.Bd2 Be7 6.Bg2 O-O 7.O-O c6 8.Qc2 Nbd7
9.Bf4 b6 10.Rd1 Bb7 11.Nc3 dxc4 12.Nd2 Nd5 13.Nxc4 Nxf4 14.gxf4 Nf6 15.e3 Nd5
16.Rac1 Rc8 17.Qb3 g6 18.Ne4 Ba8 19.Ne5 f6 20.Nf3 Kh8 21.Ned2 Bd6 22.Ne4 Bb8
23.a3 Qe7 24.Qd3 a5 25.Rc2 Rcd8 26.Rcd2 Bb7 27.Qb3 Rde8 28.Rc1 h6 29.h4 Ba8
30.Nc3 Nxf4 31.exf4 Bxf4 32.Qxb6 c5 33.Rcd1 Bxf3 34.Bxf3 Bxd2 35.Rxd2 Rd8
36.d5 f5 37.Kf1 e5 38.d6 Qxh4 39.Qxc5 e4 40.Bg2 Qf6 41.Nb5 Rd7 42.Qc3 Kg7
43.f3 a4 44.fxe4 fxe4+ 45.Rf2 Qxc3 46.bxc3 Rf5 47.Bh3 Rxb5 48.Bxd7 Rd5 49.Bxa4 Rxd6
50.Bc2 Rc6 51.Bxe4 Rxc3 52.Ra2 Rc4 53.Bd3 Ra4 54.Ke2 h5 55.Bb5 Ra5 56.a4 g5
57.Kd3 Kf6 58.Ke4 h4 59.Rf2+ Kg6 60.Be8+ Kg7 61.Rf5  1-0

[Event "Chigorin Memorial"]
[Site "St Petersburg RUS"]
[Date "2012.11.03"]
[Round "8.11"]
[White "Sasikiran,K"]
[Black "Belyakov,B"]
[Result "1-0"]
[WhiteElo "2680"]
[BlackElo "2388"]

1.d4 Nf6 2.c4 d6 3.Nc3 g6 4.e4 Bg7 5.Be2 O-O 6.Nf3 Bg4 7.Be3 Nfd7 8.Ng1 Bxe2
9.Ngxe2 c5 10.dxc5 Nxc5 11.O-O Nc6 12.Rb1 a5 13.f3 a4 14.b4 axb3 15.axb3 Ra3
16.Nb5 Ra8 17.Qd2 Na5 18.Nc1 Nc6 19.Rd1 Ne6 20.Ne2 Qa5 21.Nec3 Rfc8 22.Qe1 Ra6
23.Kh1 Rca8 24.Bd2 Ncd4 25.Nd5 Qd8 26.Qh4 Nc6 27.Be3 Ra1 28.f4 Rxb1 29.Rxb1 f5
30.exf5 gxf5 31.Qh5 Qf8 32.g4 Qf7 33.Qxf5 Ned4 34.Qe4 e6 35.Nb6 d5 36.Qg2 Ra6
37.Nc8 Nxb3 38.Ncd6 Qf6 39.cxd5 Ncd4 40.Nxd4 Nxd4 41.Ne4 Qg6 42.Bxd4 Bxd4
43.d6 Qe8 44.Rd1 Qa4 45.Qf3 Kf8 46.d7 Ke7 47.Nc5 Qxd1+ 48.Qxd1 Ra1 49.Qxa1 Bxa1
50.Kg2 Bb2 51.Nxe6 Kxd7 52.Nf8+ Kc6 53.Nxh7 b5 54.Kf3 Kd5 55.g5 b4 56.Nf6+ Kc4
57.Ne4 Bd4 58.f5 Kd5 59.Nd2 Bc3 60.Nb3 Kc4 61.Nc1 Bd2 62.g6 Bc3 63.Ke4 Kc5
64.Nd3+ Kc4 65.Ne5+  1-0

[Event "TCh-CZE Extraliga 2012-13"]
[Site "Czech Republic CZE"]
[Date "2012.12.01"]
[Round "3.3"]
[White "Sasikiran,K"]
[Black "Yemelin,V"]
[Result "1/2-1/2"]
[WhiteElo "2676"]
[BlackElo "2574"]

1.d4 Nf6 2.c4 e6 3.g3 Bb4+ 4.Bd2 Be7 5.Bg2 d5 6.Nf3 c6 7.Qc2 b6 8.O-O Ba6
9.b3 O-O 10.Rd1 Nbd7 11.Bf4 Rc8 12.Nc3 Nh5 13.Bc1 Nhf6 14.Bb2 Qc7 15.e4 dxc4
16.Ne2 cxb3 17.axb3 Bb5 18.h4 Rfe8 19.Bh3 Nf8 20.Nc3 a5 21.Rac1 Ba6 22.e5 N6d7
23.Qd2 Qb8 24.h5 h6 25.Qf4 Bb7 26.Rc2 Nh7 27.Bg2 Rcd8 28.Qg4 b5 29.Re1 Bb4
30.Re3 f5 31.exf6 Ndxf6 32.Qh4 c5 33.Ne2 cxd4 34.Nexd4 e5 35.Nf5 Bc8 36.Bh3 e4
37.Nxg7 Kxg7 38.Rxe4 Bxh3 39.Rf4 Rd1+ 40.Kh2 Rf8 41.Qxh3 Qb7 42.Qf5 Kg8 43.Qg6+ Qg7
44.Rc7 Rd7 45.Rc6 Rd6 46.Rc7 Qxg6 47.hxg6 Rd7 48.gxh7+ Kxh7 49.Rc2 Ne4 50.Rxf8 Bxf8
51.Nd4 a4 52.bxa4 bxa4 53.Ne6 Be7 54.Rc4 Nxf2 55.Rxa4  1/2-1/2

[Event "TCh-CZE Extraliga 2012-13"]
[Site "Czech Republic CZE"]
[Date "2012.12.02"]
[Round "4.3"]
[White "Kempinski,R"]
[Black "Sasikiran,K"]
[Result "1/2-1/2"]
[WhiteElo "2599"]
[BlackElo "2676"]

1.Nf3 Nf6 2.c4 e6 3.Nc3 Bb4 4.Qc2 O-O 5.a3 Bxc3 6.Qxc3 d6 7.d4 Nbd7 8.g3 Re8
9.Bg2 e5 10.dxe5 dxe5 11.O-O Qe7 12.Be3 Ng4 13.Bg5 f6 14.Bc1 e4 15.Nd4 Nb6
16.b3 c5 17.Nc2 Qf7 18.f3 Ne5 19.Be3 Qh5 20.Rae1 Bd7 21.g4 Qg6 22.Bxc5 h5
23.Nd4 exf3 24.exf3 hxg4 25.f4 Nf3+ 26.Nxf3 gxf3 27.Qxf3 Bc6 28.Qg3 Qf5 29.Bd4 Bxg2
30.Qxg2 Rxe1 31.Rxe1 Qxf4 32.Be3 Qf5 33.Qxb7 Re8 34.Qg2 Qd3 35.Qf2 Qxb3 36.Bxb6 Rxe1+
37.Qxe1 Qxb6+ 38.Kf1 Qc6 39.Kf2 Kf7 40.Qb4 Qc7 41.Kg2 Qc6+ 42.Kf2 Ke6 43.Ke3 Qc7
44.Qf8 Kf5 45.Kd3 g5 46.c5 Qd7+ 47.Kc4 a6 48.h3 Qe6+  1/2-1/2

[Event "29th Open"]
[Site "Cappelle la Grande FRA"]
[Date "2013.02.24"]
[Round "2.35"]
[White "Sasikiran,K"]
[Black "Kambrath,Y"]
[Result "1/2-1/2"]
[WhiteElo "2677"]
[BlackElo "2232"]

1.d4 Nf6 2.c4 g6 3.Nc3 Bg7 4.e4 d6 5.Be2 O-O 6.Bg5 h6 7.Be3 c5 8.dxc5 Qa5
9.Bd2 Qxc5 10.Nf3 Qc7 11.Rc1 Nc6 12.O-O Ng4 13.Ne1 f5 14.exf5 gxf5 15.h3 Nf6
16.Be3 b6 17.Qd2 Kh7 18.Nd3 Qd7 19.f3 Bb7 20.Nd5 Rad8 21.Rcd1 e6 22.Nxf6+ Rxf6
23.Nf4 Qe8 24.b3 Rf8 25.Rde1 Qf7 26.Bd1 e5 27.Nd5 Ne7 28.Nxe7 Qxe7 29.Bc2 d5
30.cxd5 Rxd5 31.Qe2 Kh8 32.Rd1 Qf6 33.Rxd5 Bxd5 34.Rd1 Rd8 35.Qd3 e4 36.fxe4 fxe4
37.Qd2 Rd7 38.Qe2 Qg6 39.Bd4 Bc6 40.Bxg7+ Rxg7 41.b4 Rg8 42.Bb3 Bb5 43.Qb2+ Rg7
44.Rd5 Bc6 45.Rd8+ Kh7 46.Qc2 Qg5 47.Rd6 Qg3 48.Qd2 e3 49.Qc2+ Rg6 50.Rxc6 Qe1+
51.Kh2 Qg3+ 52.Kh1 Qe1+ 53.Kh2  1/2-1/2

[Event "29th Open"]
[Site "Cappelle la Grande FRA"]
[Date "2013.02.25"]
[Round "3.43"]
[White "Afek,Y"]
[Black "Sasikiran,K"]
[Result "0-1"]
[WhiteElo "2310"]
[BlackElo "2677"]

1.e4 c6 2.d4 d5 3.exd5 cxd5 4.Bf4 Nc6 5.c3 Bf5 6.Qb3 Qd7 7.Nf3 e6 8.Bb5 Nge7
9.Ne5 Qc8 10.Nd2 a6 11.Bd3 f6 12.Nxc6 Bxd3 13.Nb4 Bg6 14.a4 a5 15.Nc2 Nc6
16.Na3 Bxa3 17.Qxa3 Bd3 18.Nb3 b6 19.Kd2 Bg6 20.Rae1 Kf7 21.Re3 Rd8 22.Bg3 e5
23.Rc1 Kg8 24.Ke1 exd4 25.cxd4 Qd7 26.Kf1 Rac8 27.Rec3 Nb4 28.Nd2 Rxc3 29.bxc3 Nd3
30.Rb1 Qe6 31.Qb3 Re8 32.Qd1 Nb2  0-1

[Event "29th Open"]
[Site "Cappelle la Grande FRA"]
[Date "2013.02.25"]
[Round "4.19"]
[White "Sasikiran,K"]
[Black "Barlov,D"]
[Result "1-0"]
[WhiteElo "2677"]
[BlackElo "2461"]

1.d4 Nf6 2.c4 e6 3.g3 c5 4.d5 exd5 5.cxd5 d6 6.Nc3 g6 7.Bg2 Bg7 8.Nf3 O-O
9.O-O Na6 10.h3 Re8 11.Nd2 Nc7 12.a4 b6 13.Nc4 Ba6 14.Qb3 Bxc4 15.Qxc4 a6
16.Rb1 Nd7 17.Ne4 h6 18.b4 Nf6 19.bxc5 bxc5 20.Nxf6+ Qxf6 21.Rb7 Qd8 22.Bf4 h5
23.Rfb1 Be5 24.Bd2  1-0

[Event "29th Open"]
[Site "Cappelle la Grande FRA"]
[Date "2013.02.28"]
[Round "7.14"]
[White "Drasko,M"]
[Black "Sasikiran,K"]
[Result "1/2-1/2"]
[WhiteElo "2459"]
[BlackElo "2677"]

1.Nf3 Nf6 2.g3 d5 3.Bg2 c6 4.O-O Bg4 5.d3 Nbd7 6.Qe1 e5 7.e4 dxe4 8.dxe4 Bc5
9.Nbd2 O-O 10.h3 Bh5 11.a4 Re8 12.Nc4 Qe7 13.Nh4 Qe6 14.b3 b6 15.Kh2 Rad8
16.Bf3 Bd4 17.Ra2 Bxf3 18.Nxf3 Nc5 19.Ng5 Qd7 20.b4 h6 21.bxc5 hxg5 22.Nd6 Re6
23.Bxg5 Bxc5 24.Nf5 g6 25.Nh6+ Kg7 26.Qe2 Rh8 27.Bxf6+ Rxf6 28.Ng4 Rd6 29.c3 Qe6
30.Kg2 Re8 31.Rd2 f5 32.Rxd6 Bxd6 33.Nh2 Rh8 34.Nf3 fxe4 35.Ng5 Qf5 36.h4 Be7
37.Nxe4 Qe6 38.Rh1 Bd8 39.h5 Be7 40.hxg6 Rxh1 41.Kxh1 Kxg6 42.Kg2 Kg7 43.c4 a6
44.Qd3 Kf8 45.Qf3+ Kg7 46.Qd3 Kf8 47.Qf3+ Kg7  1/2-1/2

[Event "29th Open"]
[Site "Cappelle la Grande FRA"]
[Date "2013.03.01"]
[Round "8.23"]
[White "Sasikiran,K"]
[Black "Calistri,T"]
[Result "1-0"]
[WhiteElo "2677"]
[BlackElo "2349"]

1.d4 Nf6 2.Nf3 g6 3.Bg5 Bg7 4.Nbd2 O-O 5.c3 d6 6.e4 c5 7.dxc5 dxc5 8.Bc4 Nc6
9.Qe2 Qc7 10.O-O Na5 11.Bd3 Be6 12.Bc2 h6 13.Bh4 Nh5 14.e5 Nf4 15.Qe3 Nd5
16.Qe1 Nb6 17.Bg3 Rad8 18.h4 Qc6 19.b3 Qc8 20.h5 Bf5 21.Be4 Nd5 22.Rc1 Nc6
23.Nh4 Bxe4 24.Qxe4 g5 25.Nf5 Nxc3 26.Rxc3 Rxd2 27.f4 Qd7 28.fxg5 Qd5 29.Qxd5 Rxd5
30.gxh6 Bxe5 31.Bxe5 Rxe5 32.Rg3+ Kh8 33.Nh4 Kh7 34.Ng6 Rg8 35.Rxf7+ Kxh6
36.Nxe5 Rxg3 37.Nxc6 bxc6 38.Rxe7 c4 39.bxc4 Ra3 40.Re5 a5 41.Kf2 Rxa2+ 42.Kf3 Rc2
43.Rc5 a4 44.g4 a3 45.Kf4 a2 46.Rxc6+ Kg7 47.Ra6 Rxc4+ 48.Kg5 Rc5+ 49.Kh4 Rc2
50.h6+ Kh7 51.Kh5 Rh2+ 52.Kg5 Rg2 53.Ra7+ Kh8 54.Kh5 Kg8 55.g5 Rb2 56.g6  1-0